000 00691nab a2200193 4500
001 244442
003 OSt
005 20230726125115.0
007 tu
008 200917s2020|||||||
040 _aDE-2950
_cDE-2950
245 0 0 _aStadtparlament beschließt Haushalt für 2023 und 2024.
_bFinanzen. Die letzte Sitzung der Stadtverordneten vor den Ferien hatte es in sich. Welche Kompromisse die Stadtspitze beim Etat eingehen musste/
_cThomas Gutke
264 _c2023
653 _a'Frankfurt (Oder)
653 _aStadtverordnetenversammlung
653 _aHaushalt 2023 / 2024
773 0 _g34. Jahrgang (2023) Nr. 157 vom 08.07.2023, S. 19 , mit Foto
_tMärkische Oderzeitung
942 _2z
_cA
999 _c372632
_d372632